| 000 -LEADER |
| fixed length control field |
00378pab a2200145 454500 |
| 008 - FIXED-LENGTH DATA ELEMENTS--GENERAL INFORMATION |
| fixed length control field |
180718b xxu||||| |||| 00| 0 eng d |
| 100 ## - MAIN ENTRY--PERSONAL NAME |
| Personal name |
Vijayasree, Y. |
| 245 ## - TITLE STATEMENT |
| Title |
Weaning and infant health care practices in an urban area |
| 650 ## - SUBJECT ADDED ENTRY--TOPICAL TERM |
| Topical term or geographic name entry element |
Weaning |
| 650 ## - SUBJECT ADDED ENTRY--TOPICAL TERM |
| Topical term or geographic name entry element |
Infant |
| 650 ## - SUBJECT ADDED ENTRY--TOPICAL TERM |
| Topical term or geographic name entry element |
Health Care |
| 700 ## - ADDED ENTRY--PERSONAL NAME |
| Personal name |
Satyvani, K. |
| 773 ## - HOST ITEM ENTRY |
| Main entry heading |
Journal of Family Welfare |
| 909 ## - |
| -- |
23709 |